Normal view
MARC view
Entry Topical Term
001 - CONTROL NUMBER
- control field: 19628
003 - CONTROL NUMBER IDENTIFIER
- control field: OSt
005 - DATE AND TIME OF LATEST TRANSACTION
- control field: 20151206154458.0
008 - FIXED-LENGTH DATA ELEMENTS
- fixed length control field: 151206|| aca||aabn | a|a d
040 ## - CATALOGING SOURCE
- Original cataloging agency: OSt
- Transcribing agency: OSt
150 ## - HEADING--TOPICAL TERM
- Topical term or geographic name entry element: Children's book
670 ## - SOURCE DATA FOUND
- Source citation: Work cat.: (OSt)44626: Soni, P J 19627, Easy -Going Elephant, 2007









